书目信息 |
| 题名: |
国际条约集
|
|
| 作者: | ;世界知识出版社 编辑 | |
| 分册: | ||
| 出版信息: | 北京 世界知识出版社 1986 |
|
| 页数: | 555页 | |
| 开本: | 20cm | |
| 丛书名: | ||
| 单 册: | ||
| 中图分类: | D816 | |
| 科图分类: | ||
| 主题词: | 国际条约 , 国际条约--汇编 | |
| 电子资源: | ||
| ISBN: | ||
| 000 | 00707nam0 2200253 45 | |
| 001 | 0186019667 | |
| 005 | 20061026155510.45 | |
| 010 | @b精装@dCNY3.90 | |
| 091 | @a3003.1715 | |
| 100 | @a19900802d1986 kemy0chiy0121 ea | |
| 101 | 0 | @achi |
| 102 | @aCN@b110000 | |
| 105 | @ay s 000yy | |
| 200 | 10 | @a国际条约集@Aguo ji tiao yue ji@e1872-1916@f世界知识出版社编辑@FShi Jie Zhi Shi Chu Ban She Bian Ji |
| 210 | @a北京@c世界知识出版社@d1986 | |
| 215 | @a555页@d20cm | |
| 517 | @a1872-1916@A | |
| 606 | 0 | @a国际条约 |
| 606 | @a国际条约@x汇编 | |
| 690 | @aD816@v3 | |
| 711 | 02 | @a世界知识出版社@4编辑 |
| 801 | 0 | @aCN@b深圳图书馆@c20061026 |
| 801 | 2 | @aCN@bNLC@c20040429 |
| 905 | @dD816@e23@f1@b155585 | |
| 国际条约集:1872-1916/世界知识出版社编辑.-北京:世界知识出版社,1986 |
| 555页;20cm |
| ISBN (精装):CNY3.90 |
| ● |
| 相关链接 |
|
|
|
|
正题名:国际条约集
索取号:D816/23
 
预约/预借
| 序号 | 登录号 | 条形码 | 馆藏地/架位号 | 状态 | 备注 |
| 1 | 0155584 | 001016457 | 密集书库/ [索取号:D816/23] | 在馆 | |
| 2 | 0155585 | 001016466 | 第一样本阅览室/ [索取号:D816/23] | 在馆 | |
| 3 | 0281658 | 002816581 | 密集书库/ [索取号:D816/23] | 在馆 | |
| 4 | 0281659 | 002816590 | 密集书库/ [索取号:D816/23] | 在馆 |